LEADER 04419nam 2200709Ia 450 001 9910450871603321 005 20200520144314.0 010 $a0-19-756052-0 010 $a1-280-52713-7 010 $a9786610527137 010 $a0-19-535889-9 010 $a1-4294-0787-5 035 $a(CKB)1000000000406015 035 $a(EBL)271224 035 $a(OCoLC)270932816 035 $a(SSID)ssj0000128073 035 $a(PQKBManifestationID)11147845 035 $a(PQKBTitleCode)TC0000128073 035 $a(PQKBWorkID)10064184 035 $a(PQKB)11375441 035 $a(MiAaPQ)EBC271224 035 $a(StDuBDS)EDZ0002341666 035 $a(Au-PeEL)EBL271224 035 $a(CaPaEBR)ebr10142127 035 $a(CaONFJC)MIL52713 035 $a(OCoLC)936850575 035 $a(EXLCZ)991000000000406015 100 $a19930416d1993 uy 0 101 0 $aeng 135 $aur|n|---||||| 181 $ctxt 182 $cc 183 $acr 200 00$aComputers in geology$b[electronic resource] $e25 years of progress /$fedited by John C. Davis, Ute Christina Herzfeld 210 $aNew York $cOxford University Press$d1993 215 $a1 online resource (317 p.) 225 1 $aInternational Association for Mathematical Geology studies in mathematical geology ;$v5 300 $aPreviously issued in print: 1993. 311 $a0-19-508593-0 320 $aIncludes bibliographical references and index. 327 $aContents; 1. Introduction; 2. Weights of Evidence Modeling and Weighted Logistic Regression for Mineral Potential Mapping; 3. Gold Prospecting with Factorial Cokriging in the Limousin, France; 4. Recent Experiences with Prospector II; 5. Correspondence Analysis in Heavy Mineral Interpretation; 6. Mathematics Between Source and Trap: Uncertainty in Hydrocarbon Migration Modeling; 7. Risk Analysis of Petroleum Prospects; 8. Characteristic Analysis as an Oil Exploration Tool; 9. Information Management and Mapping System for Subsurface Stratigraphic Analysis 327 $a10. Automated Correlation Based on Markov Analysis of Vertical Successions and Walther's Law11. Milankovitch Cyclicity in the Stratigraphic Record-A Review; 12. Can the Ginsburg Model Generate Cycles?; 13. Quantitative Genetics in Paleontology: Evolution in Tertiary Ostracoda; 14. An Integrated Approach to Forward Modeling Carbonate Platform Development; 15. Principal Component Analysis of Three-Way Data; 16. A Solution to the Percentage-Data Problem in Petrology; 17. Amplitude and Phase in Map and Image Enhancement; 18. Fractals in Geosciences-Challenges and Concerns 327 $a19. An Executable Notation, with Illustrations from Elementary Crystallography20. Uncertainty in Geology; 21. Expert Systems in Environmental Geology; 22. From Multivariate Sampling to Thematic Maps with an Application to Marine Geochemistry; 23. The Kinematics of Paleo Landforms; 24. R. G .V. Eigen: Legendary Father of Mathematical Geology; Index 330 8 $aThis volume vividly demonstrates the importance and increasing breadth of quantitative methods in the earth sciences. With contributions from an international cast of leading practitioners, chapters cover a wide range of state-of-the-art methods and applications, including computer modeling and mapping techniques. Many chapters also contain reviews and extensive bibliographies which serve to make this an invaluable introduction to the entire field. In addition to its detailed presentations, the book includes chapters on the history of geomathematics and on R.G.V. Eigen, the "father" of mathematical geology. Written to commemorate the 25th anniversary of the International Association for Mathematical Geology, the book will be sought after by both practitioners and researchers in all branches of geology. 410 0$aStudies in mathematical geology ;$v5. 606 $aGeology$xData processing 606 $aGeology$xMathematics$xData processing 608 $aElectronic books. 615 0$aGeology$xData processing. 615 0$aGeology$xMathematics$xData processing. 676 $a550.285 676 $a550/.285 676 $a551.0285 701 $aDavis$b John C$0204476 701 $aHerzfeld$b Ute Christina$0971205 801 0$bMiAaPQ 801 1$bMiAaPQ 801 2$bMiAaPQ 906 $aBOOK 912 $a9910450871603321 996 $aComputers in geology$92207703 997 $aUNINA LEADER 02099nam 22004573 450 001 9910555233003321 005 20210901203343.0 010 $a9781928357490 010 $a1928357490 035 $a(CKB)4100000009513056 035 $a(MiAaPQ)EBC6321142 035 $a(Au-PeEL)EBL6321142 035 $a(OCoLC)1223086346 035 $a(NjHacI)994100000009513056 035 $a(EXLCZ)994100000009513056 100 $a20210901d2017 uy 0 101 0 $aafr 135 $aurcnu|||||||| 181 $ctxt$2rdacontent 182 $cc$2rdamedia 183 $acr$2rdacarrier 200 10$aTaalkundige Essays $eN Gerf Uit Die Vroegskemer 205 $a1st ed. 210 1$aStellenbosch :$cAfrican Sun Media,$d2017. 210 4$dİ2017. 215 $a1 online resource (145 pages) 311 08$a9781928357483 311 08$a1928357482 327 $aIntro -- Borge -- Voorwoord -- Dankwoord -- 1: Oor die byeenplasing van leksikale en voornaamwoordelike vokatiewe -- 2: 'n Herbesoek aan Jorrie Jordaan, Pine Pienaar en genote -- 3: Name as regionale merkers in die prosa van Elias P. Nel: ? linguisties-onomastiese verkenning -- 4: Met Ponelis op die spoor van Praatafrikaans -- 5: Die vestiging van Afrikaanse varie?teite -- 6: Hoop vir Afrikaans? Wat se? die sensusstatistiek? -- 7: Oor die skryfwyse van varie?teitsbenamings -- 8: Oor die aard en skryfwyse van toename -- Saakregister -- Persoonsnaamregister. 330 $a"This work is a combination of original (new) research, the reworking of earlier published work, as well as the processing of lectures and papers. The contributions in the volume contribute to investigating unexplored areas and refining others in the light of new insights." - Prof. Wannie Carstens, North West University. 606 $aAfrikaans language$xHistory 615 0$aAfrikaans language$xHistory. 676 $a439.36 700 $aHendricks$b Frank$01147262 801 0$bMiAaPQ 801 1$bMiAaPQ 801 2$bMiAaPQ 906 $aBOOK 912 $a9910555233003321 996 $aTaalkundige Essays$92819278 997 $aUNINA